Podpora výskumnej činnosti softvérovými nástrojmi využívajúcimi neurónové siete bakalárska práca

Salvato in:
Dettagli Bibliografici
Autore principale: Danielovits, Tomáš
Ente Autore: Fakulta hospodárskej informatiky EU. Katedra operačného výskumu a ekonometrie
Altri autori: Dudek, Daniel, 1999-
Natura: Libro
Lingua:slovacco
Pubblicazione: Bratislava 2025
Tags: Aggiungi Tag
Nessun Tag, puoi essere il primo ad aggiungerne!!

MARC

LEADER 00000nbm a2200000 4500
001 0312294
005 20251125102918.7
041 0 |a slo 
044 |a SK 
245 1 0 |a Podpora výskumnej činnosti softvérovými nástrojmi využívajúcimi neurónové siete  |b bakalárska práca  |c Tomáš Danielovits ; školiteľ: Daniel Dudek 
264 1 |a Bratislava  |c 2025 
300 |a 59 s. 
100 1 |a Danielovits, Tomáš 
700 1 |a Dudek, Daniel, 1999- 
710 2 |a Fakulta hospodárskej informatiky EU. Katedra operačného výskumu a ekonometrie